[Event "Peterhof op"]
[Site "Peterhof"]
[Date "2008.08.07"]
[Round "6"]
[White "Shishkin, Vadim"]
[Black "Petrov, Marin"]
[Result "1-0"]
[WhiteElo "2506"]
[BlackElo "2043"]
[PlyCount "71"]
[EventDate "2008.08.02"]
[EventType "swiss"]
[EventRounds "9"]
[EventCountry "RUS"]
[SourceTitle "CBM 125 Extra"]
[Source "ChessBase"]
[SourceDate "2008.09.01"]
[SourceVersion "1"]
[SourceVersionDate "2008.09.01"]
[SourceQuality "1"]

1. e4 e5 2. Bc4 Nf6 3. Nc3 Nc6 4. Nf3 Nxe4 5. Nxe4 d5 6. Bxd5 Qxd5 7. Nc3 Qd6 8. h3 b6 9. d3 Bb7 10. Be3 0-0-0 11. 0-0 f5 12. Ng5 Qf6 13. Nf3 f4 14. Ne4 Qf7 15. Bd2 Be7 16. Bc3 Qe6 17. Qe2 Bd6 18. a4 h6 19. a5 bxa5 20. Bxa5 Nxa5 21. Rxa5 Kb8 22. Rfa1 a6 23. Nc5 Bxc5 24. Rxc5 g5 25. Qxe5 Qxe5 26. Nxe5 Rhg8 27. Nc6+ Bxc6 28. Rxc6 g4 29. hxg4 Rxg4 30. Rcxa6 f3 31. Ra8+ Kb7 32. Rxd8 Rxg2+ 33. Kf1 h5 34. Ra4 Kc6 35. Rf4 Kc5 36. Rxf3 1-0